La economía de Chile austral antes de la colonización alemana: 1645-1850
Gorde:
| Egile nagusia: | |
|---|---|
| Formatua: | Liburua |
| Hizkuntza: | gaztelania |
| Argitaratua: |
Valdivia, Chile
Universidad Austral de Chile
1973
|
| Gaiak: | |
| Etiketak: |
Etiketa erantsi
Etiketarik gabe, Izan zaitez lehena erregistro honi etiketa jartzen!
|
MARC
| LEADER | 00000nam a2200000 a 4500 | ||
|---|---|---|---|
| 001 | UCP7690 | ||
| 003 | CL-VaPUC | ||
| 005 | 20241021151251.0 | ||
| 008 | 991217e19730000CL |||||||||||||||||spa|d | ||
| 999 | |c 284807 |d 284805 | ||
| 040 | |c Pontificia Universidad Católica de Valparaíso | ||
| 082 | 0 | 4 | |a 330.0983 GUA 1973 |2 21 |
| 100 | |a Guarda Geywitz, Gabriel |e autor |9 570466 | ||
| 245 | 1 | 3 | |a La economía de Chile austral antes de la colonización alemana: |b 1645-1850 |
| 260 | |a Valdivia, Chile |b Universidad Austral de Chile |c 1973 | ||
| 300 | |a 141 páginas | ||
| 583 | |a last modification |c 19991217 00:00:00 |k Rodrigo Vera | ||
| 650 | 7 | |a ECONOMIA CHILENA |2 CL-VaPUC |9 410148 | |
| 650 | 7 | |a HISTORIA ECONOMICA |2 CL-VaPUC |9 437282 |y 1645-1850 | |
| 650 | 7 | |a HISTORIA DE CHILE |2 CL-VaPUC |9 434627 |y 1645-1850 | |
| 650 | 0 | |a Agricultura |z CHILE |9 255598 | |
| 852 | |a BIBCUR | ||
| 942 | |c BK |2 ddc | ||
| 945 | |d 19991217 00:00:00 |a crobeson | ||
| 952 | |0 0 |1 0 |2 ddc |4 0 |6 330_098300000000000_GUA_1973 |7 0 |8 A |9 329046 |a BIBHIS |b BIBHIS |d 2019-11-20 |i 137379K |o 330.0983 GUA 1973 |p 137379K |r 2025-01-20 |t 1 |w 2019-11-20 |y BK |k HIS | ||